ՀՀ Գիտությունների ազգային ակադեմիայի հիմնարար գիտական գրադարան  =   Fundamental Scientific Library of NAS RA

Քաղաքական արդիականացման քաղաքակրթական չափումները ։ (Record no. 541735)

MARC details
000 -LEADER
fixed length control field 01237nam a2200241 a 4500
003 - CONTROL NUMBER IDENTIFIER
control field AM-YEHGA
005 - DATE AND TIME OF LATEST TRANSACTION
control field 20260309164118.0
007 - PHYSICAL DESCRIPTION FIXED FIELD--GENERAL INFORMATION
fixed length control field ta
008 - FIXED-LENGTH DATA ELEMENTS--GENERAL INFORMATION
fixed length control field 260205s2025 ai o|||fr|||||001|0|arm|d
020 ## - INTERNATIONAL STANDARD BOOK NUMBER
International Standard Book Number 978-9939-0-5411-7
040 ## - CATALOGING SOURCE
Original cataloging agency AM-YeHGA
041 0# - LANGUAGE CODE
Language code of text/sound track or separate title arm
001 - CONTROL NUMBER
control field 2047975
100 1# - MAIN ENTRY--PERSONAL NAME
Personal name Մարգարյան, Մարիամ Մամիկոնի
Relator term հեղինակ
Relationship aut
Relator term առաջաբանի հեղինակ
Relationship aui
245 10 - TITLE STATEMENT
Title Քաղաքական արդիականացման քաղաքակրթական չափումները ։
Remainder of title Հայկական հեռանկարներ (հոդվածների ժողովածու) /
Statement of responsibility, etc. Մ.Մ. Մարգարյան ; Խմբագիր և սրբագրիչ՝ Ա. Սամվելյան.
260 ## - PUBLICATION, DISTRIBUTION, ETC.
Place of publication, distribution, etc. Երևան ։
Name of publisher, distributor, etc. «Պետական ծառայություն» հրատ.,
Date of publication, distribution, etc. 2025.
300 ## - PHYSICAL DESCRIPTION
Extent 483 էջ ։
Other physical details լուսանկար ;
Dimensions 23 սմ.
504 ## - BIBLIOGRAPHY, ETC. NOTE
Bibliography, etc. note Տողատակում՝ մատենագիտական ծանոթագրություններ։
650 ## - SUBJECT ADDED ENTRY--TOPICAL TERM
Topical term or geographic name entry element Հայաստանի Հանրապետություն
General subdivision Քաղաքականություն
Form subdivision Հոդվածների ժողովածու
700 1# - ADDED ENTRY--PERSONAL NAME
Personal name Սամվելյան, Անուշ
Relator term խմբագիր
Relationship edt
Relator term սրբագրիչ
Relationship crr
942 ## - ADDED ENTRY ELEMENTS (KOHA)
Source of classification or shelving scheme Universal Decimal Classification
Koha item type Գրքեր / Books
998 ## - LOCAL CONTROL INFORMATION (RLIN)
Cataloger's initials, CIN (RLIN) NLA_Haykandukht_5
Holdings
Withdrawn status Lost status Source of classification or shelving scheme Damaged status Not for loan Collection Home library Current library Date acquired Total checkouts Full call number Barcode Date last seen Price effective from Koha item type Public note
    Universal Decimal Classification     General Fundamental Scientific Library Fundamental Scientific Library 26/02/2026   AII/114335 FL0703692 26/02/2026 26/02/2026 Գրքեր / Books 30 Days Loan
    Universal Decimal Classification     General Fundamental Scientific Library Fundamental Scientific Library 26/02/2026   AII/114336 FL0703691 26/02/2026 26/02/2026 Գրքեր / Books 30 Days Loan


ՀՀ ԳԱԱ հիմնարար գիտական գրադարան
ՀՀ,Երևան 0019
Մարշալ Բաղրամյան 24/6
հեռախոս:(374-10) 52-47-50
Հետադարձ կապ

All site content, except where otherwise noted, is licensed under a
Creative Commons License